000 01149ngm a22003730a 4500
001 PT41503
003 AR-LpoUNG
005 20210201235917.0
007 vd cvaizq
008 191001s1972||||ag |||||||||||||||||spa d
037 _c$8.75
040 _aAR-LpoUNG
_bspa
_cAR-LpoUNG
_eaacr
041 _aspa
044 _aag
082 0 _a982.063 182mem
100 1 _aVallejo, Gerardo
_edir.
245 1 3 _aLa memoria del pueblo :
_bhomenaje a los héroes y mártires del 16 de junio de 1955
260 _aBuenos Aires :
_bBlackman,
_c1972.
300 _aDVD (30 min.) : son., byn
520 _aProducido por el Grupo de Cine 17 de Octubre y el Instituto de Cinematografía de la Universidad Nacional del Litoral (Santa Fe). Crónica 18 años de Resistencia Peronista, sintetizada por un militante de base peronista en 1972.
650 4 _aCENSURA
650 4 _aHISTORIA
650 4 _aRESISTENCIA
651 4 _aArgentina
653 _aCINE ARGENTINO
653 _aDOCUMENTALES
653 _aDVD
653 _aMILITANTES
653 _aPERONISMO
653 _aTESTIMONIOS
653 _aVIDEOS
905 _a41503
942 _cDVD
999 _c53760
_d53760